Echipe romanesti de fotbal quiz - Statistics

Statistiche generali
  • Questo quiz è stato fatto 159 volte
  • Il punteggio medio è 7 su 15
Statistiche sulle risposte
Hint Risposta % Corretto
Cea mai batrana echipa din Liga I CFR
87%
Porecliti "Sepcile rosii" U Cluj
81%
Echipa reprezentativa a Hunedoarei Corvinul
62%
Vechea denumire a lui Daco-Getica Juventus
51%
Cel mai tanar club din Liga I Sepsi
49%
Are derby cu Poli Iasi Botosani
48%
Club din Petrosani Jiul
44%
Detine drepturi exclusive pentru tricouri alb-violet Arges
43%
Echipa din judetul Harghita, in prezent in Liga a II-a Miercurea Ciuc
35%
Cea mai titrata echipa din Timisoara Chinezul
34%
Ocupa locul 4 in clasamentul all-time Liga I Petrolul
34%
Club din Navodari Sageata
32%
Campioana a Romaniei de 7 ori, in prezent in Liga a V-a Venus
26%
Culorile clubului sunt inspirate de la AC Milan Resita
25%
Cel mai vechi club aradean Gloria
8%
Nessun quiz corrispondente trovato
Distribuzione punteggi
Percentuale di utenti per punteggio
Percentile per numero di risposta
I tuoi punteggi nel tempo
Non hai fatto questo quiz